TheMico University College Library

“Do it with thy might”

Opening Hours

Mondays – Thursdays 8:00am – 10:00pm
Fridays 8:00am – 7:00pm
Saturdays 10:00am – 6:00pm
Sundays 10:00am – 5:00pm

Grist for the Mills : (Record no. 3285)

MARC details
000 -LEADER
fixed length control field 01360cam a2200325 a 4500
001 - CONTROL NUMBER
control field 3990587
003 - CONTROL NUMBER IDENTIFIER
control field OSt1
005 - DATE AND TIME OF LATEST TRANSACTION
control field 20130503213514.0
008 - FIXED-LENGTH DATA ELEMENTS--GENERAL INFORMATION
fixed length control field 950908s1994 jm a 001 0aeng
010 ## - LIBRARY OF CONGRESS CONTROL NUMBER
LC control number 95201000
020 ## - INTERNATIONAL STANDARD BOOK NUMBER
International Standard Book Number 9768100222
040 ## - CATALOGING SOURCE
Original cataloging agency DLC
Transcribing agency The Mico University College
Modifying agency DLC
043 ## - GEOGRAPHIC AREA CODE
Geographic area code nwjm---
050 00 - LIBRARY OF CONGRESS CALL NUMBER
Classification number F1887
Item number .M56 1994
082 ## - DEWEY DECIMAL CLASSIFICATION NUMBER
Classification number 920 MIL
245 10 - TITLE STATEMENT
Title Grist for the Mills :
Remainder of title reflections on a life /
Statement of responsibility, etc Gladstone Mills.
260 ## - PUBLICATION, DISTRIBUTION, ETC. (IMPRINT)
Place of publication, distribution, etc Kingston, Jamaica :
Name of publisher, distributor, etc Ian Randle,
Date of publication, distribution, etc 1994.
300 ## - PHYSICAL DESCRIPTION
Extent xii, 204 p. :
Other physical details ill. ;
Dimensions 23 cm.
500 ## - GENERAL NOTE
General note Includes index.
520 1# - SUMMARY, ETC.
Summary, etc "Autobiographically oriented account by a distinguished Jamaican scholar-public servant focuses on the politics of change in Jamaica and, to a lesser extent, in the Commonwealth Caribbean. Work is more sociological than political"--Handbook of Latin American Studies, v. 57.
Uniform Resource Identifier <a href="http://www.loc.gov/hlas/">http://www.loc.gov/hlas/</a>
600 10 - SUBJECT ADDED ENTRY--PERSONAL NAME
Personal name Mills, Gladstone E.
650 #0 - SUBJECT ADDED ENTRY--TOPICAL TERM
Topical term or geographic name as entry element Public administration
Geographic subdivision Jamaica
General subdivision History
Chronological subdivision 20th century.
650 #0 - SUBJECT ADDED ENTRY--TOPICAL TERM
Topical term or geographic name as entry element Politicians
Geographic subdivision Jamaica
General subdivision Biography.
650 #0 - SUBJECT ADDED ENTRY--TOPICAL TERM
Topical term or geographic name as entry element College teachers
Geographic subdivision Jamaica
General subdivision Biography.
651 #0 - SUBJECT ADDED ENTRY--GEOGRAPHIC NAME
Geographic name Jamaica
General subdivision Politics and government
Chronological subdivision 1962-
906 ## - LOCAL DATA ELEMENT F, LDF (RLIN)
a 7
b cbc
c orignew
d 3
e ncip
f 19
g y-gencatlg
942 ## - ADDED ENTRY ELEMENTS (KOHA)
Source of classification or shelving scheme Dewey Decimal Classification
Koha item type West indian Collection
Holdings
Withdrawn status Lost status Source of classification or shelving scheme Damaged status Not for loan Collection code Home library Current library Shelving location Date acquired Full call number Barcode Date last seen Copy number Price effective from Koha item type
    Dewey Decimal Classification     Reference The Mico University College The Mico University College Reserve Book Collection 07/02/2013 WI 920 MIL 48085 07/02/2013 1 07/02/2013 West indian Collection